| 000 | 00750nam a2200181 a 4500 | ||
|---|---|---|---|
| 008 | 170201s2012 ||||||||||||||||| || u | ||
| 050 | _aCBU-UG THESIS/CHI | ||
| 100 | _aChisanga, Yasa Luo | ||
| 245 | 1 | 4 |
_aThe adoption of agroforestry technologies in Choma district _cby Yasa Luo Chisanga |
| 260 |
_aKitwe: _bCopperbelt University, School of Natural Resources _c2012 |
||
| 300 | _avii, 50p.: ill. | ||
| 500 | _aIncludes References | ||
| 650 | _aAGROFORESTRY PROJECTS--DEVELOPING COUNTRIES | ||
| 650 | 0 | _aAGROFORESTRY | |
| 650 | _aAGROFORESTRY TECHNOLOGIES--ZAMBIA | ||
| 650 | _aAGROFORESTRY TECHNOLOGIES | ||
| 995 |
_aSPECIAL COLLECTIONS _e4221 _FCBU-MAIN LIBRARY (Kitwe) _jCBU-UG THESIS/CHI _M2 _UAVAILABLE _WJul 27, 2020 _yB4221 _ZUniversity Collection |
||
| 999 |
_c83675 _d83675 |
||